| 000 | 00439nam a22001457a 4500 | ||
|---|---|---|---|
| 005 | 20180810132047.0 | ||
| 020 |
_a8172730462 _c675.00 |
||
| 035 | _aB-059471, B-059470, B-059473 | ||
| 037 |
_aDPL _bENG |
||
| 100 | _aGangchen, T Y S Lama | ||
| 245 |
_aMajor religions in contemporary world / _cby T Y S Lama Gangchen |
||
| 260 |
_aDelhi _bAuthorsPress _c2001 |
||
| 300 |
_avii, 350p. _c22 cms. |
||
| 942 |
_2ddc _cEN _h291 _mGAN |
||
| 999 |
_c64563 _d64563 |
||